000
002460000a22001090004500
020
_a
956-249-349-0
245
1
0
_a
Mi primer libro de ropa
260
_a
Santiago: Salo Editores
300
_a
[ 8 p. ]
440
0
_a
Col. \ Mi primer libro
001
498
999
_c
47713
_d
47713